| 000 | 00414nam a2200157Ia 4500 | ||
|---|---|---|---|
| 008 | 240729s9999 xx 000 0 und d | ||
| 022 | _a1942-7522 | ||
| 245 | 0 | _aEar, Nose & Throat Journal | |
| 260 | _aUnited States | ||
| 260 | _bSAGE Publishing | ||
| 650 | _a Otorhinolaryngology | ||
| 650 | _aMedicine | ||
| 856 | _uhttps://doaj.org/toc/4aa049cb0c074eb0b3aff933d9d644ee | ||
| 942 | _2ddc | ||
| 942 | _cDOAJEJ | ||
| 999 |
_c67710 _d67710 |
||
| 945 |
_a1 _bMadushi Gamage _c1 _dMadushi Gamage |
||